A case tool for S.S.A.D.M. = Ανάπτυξη εργαλείου υποστήριξης της μεθόδου S.S.A.D.M. : πτυχιακή εργασία

Η S. S. A. D. M. είναι μια μεθοδολογία ανάπτυξης λογισμικού, που χρησιμοποιεί το μοντέλο καταρράκτη για την ανάλυση και τον σχεδιασμό του λογισμικού. Αποτελείται από εφτά στάδια, το καθένα από τα οποία αποτελείται από αρκετά βήματα στα οποία ο χρήστης δημιουργεί πίνακες ή διαγράμματα ή και τα δύο πο...

Πλήρης περιγραφή

Αποθηκεύτηκε σε:
Λεπτομέρειες βιβλιογραφικής εγγραφής
Κύριος συγγραφέας: Ρούσσα, Βασιλική
Συγγραφή απο Οργανισμό/Αρχή: Πανεπιστήμιο Αιγαίου. Σχολή Θετικών Επιστημών. Τμήμα Μηχανικών Πληροφοριακών και Επικοινωνιακών Συστημάτων
Μορφή: Thesis Βιβλίο
Γλώσσα:Greek
Δημοσίευση: 2015.
Θέματα:
Διαθέσιμο Online:http://hdl.handle.net/11610/19599
Ετικέτες: Προσθήκη ετικέτας
Δεν υπάρχουν, Καταχωρήστε ετικέτα πρώτοι!

MARC

LEADER 00000cam a2200000 a 4500
001 1/113715
008 170425s2015####gr | ||| |||| ||gre||
040 |a GR-MyUa  |b gre  |c GR-MyUa  |e AACR2 
041 0 |a gre 
082 7 |a 005.12   |2 (23)  
100 1 |a Ρούσσα, Βασιλική. 
245 1 0 |a A case tool for S.S.A.D.M. =   |b Ανάπτυξη εργαλείου υποστήριξης της μεθόδου S.S.A.D.M. : πτυχιακή εργασία /   |c της Βασιλικής Ρούσσα ; επιβλέπων καθηγητής Σπύρος Κοκολάκης.  
246 1 |i Παράλληλος τίτλος:   |a Ανάπτυξη εργαλείου υποστήριξης της μεθόδου S.S.A.D.M.  
260 |c 2015.  
300 |a x, 167 σ. :   |b εικ. ;   |c 30 εκ.  
500 |a Μέλη της εξεταστικής επιτροπής: Κοκολάκης Σπύρος, Χαραλαμπίδης Ιωάννης, Καρύδα Μαρία.  
502 |a Πτυχιακή εργασία - Πανεπιστήμιο Αιγαίου, Σάμος, 2015.  
504 |a Βιβλιογραφία: σ. 53-54.  
506 1 |a Διάθεση πλήρους κειμένου ;   |d Ενδοπανεπιστημιακή δημοσίευση.  
520 8 |a Η S. S. A. D. M. είναι μια μεθοδολογία ανάπτυξης λογισμικού, που χρησιμοποιεί το μοντέλο καταρράκτη για την ανάλυση και τον σχεδιασμό του λογισμικού. Αποτελείται από εφτά στάδια, το καθένα από τα οποία αποτελείται από αρκετά βήματα στα οποία ο χρήστης δημιουργεί πίνακες ή διαγράμματα ή και τα δύο που τον βοηθούν να κάνει ανάλυση της επιχείρησης από διάφορες οπτικές γωνίες για να σχεδιάσει πιο σωστά και ολοκληρωμένα το λογισμικό που αναπτύσσει. Η εφαρμογή που αναπτύχθηκε στα πλαίσια της παρούσας διπλωματικής εργασίας προσφέρει υποστήριξη στην μεθοδολογία S.S.A.D.M., αποτελεί δηλαδή ένα εργαλείο CASE. Όταν ο χρήστης χρησιμοποιεί το εργαλείο ακολουθεί τα βήματα της μεθοδολογίας, συμπληρώνει τους απαραίτητους πίνακες, τους επεξεργάζεται και τους αποθηκεύει και με τη βοήθεια του yEd δημιουργεί και αποθηκεύει διαγράμματα, για να ολοκληρώσει την ανάπτυξη του λογισμικού. Η ανάλυση του εργαλείου έγινε με τη χρήση της μεθοδολογίας RUP, ο κώδικάς του είναι γραμμένος με την γλώσσα προγραμματισμού Java και το περιβάλλον ανάπτυξης του χρησιμοποιήθηκε είναι το Eclipse.  
540 |a Κλειδωμένη η δυνατότητα αντιγραφής (copy) του κειμένου.  
650 0 |a Dissertations, Academic  |z Greece. 
650 0 |a Electronic data processing  |x Structured techniques. 
650 0 |a System analysis. 
650 0 |a System design. 
700 1 |a Κοκολάκης, Σπύρος,  |e dgs 
710 2 |a Πανεπιστήμιο Αιγαίου.   |b Σχολή Θετικών Επιστημών.   |b Τμήμα Μηχανικών Πληροφοριακών και Επικοινωνιακών Συστημάτων. 
852 |a INST  |b SAMOS  |c DIATR  |e 20170425  |h 005.12 ΡΟΥ  |p 005300044505  |q 005300044505  |t DIE  |y 23 
856 |u http://hdl.handle.net/11610/19599 
924 |a Ρούσσα  |b Βασιλική  |y Σάμος  |z 2016-05 
970 |a Κοσιέρης  |b Χρήστος  |z 25-04-2016